| 000 | 00000nam##2200000za#4500 |
| 001 | 9.625766 |
| 003 | CaOODSP |
| 005 | 20200421163417 |
| 007 | ta |
| 008 | 150406|2001||||xxc||||| f|0| 0 fre|d |
| 040 | |aCaOODSP|bfre |
| 043 | |an-cn--- |
| 086 | 1 |aNH18-22/101-103F |
| 110 | 2 |aSociété canadienne d'hypothèques et de logement. |
| 245 | 10|aConsommation d'énergie dans les maisons hors réseau |
| 260 | |aOttawa - Ontario : |bSociété canadienne d'hypothèques et de logement |c2001. |
| 300 | |a23p. : |bill., tableaux ; |c28 cm. |
| 490 | 1 |aLe point en recherche. Série technique |v01-103 |
| 563 | |aDépliant |
| 590 | |a01-34|b2001-08-24 |
| 691 | 07|aÉnergie alternative|2gcpds |
| 691 | 07|aGestion énergétique|2gcpds |
| 691 | 07|aRessources renouvelables|2gcpds |
| 776 | 0#|tConsommation d'énergie dans les maisons hors réseau / |w(CaOODSP)9.607761 |
| 830 | #0|aLe point en recherche. Série technique ;|v01-103|w(CaOODSP)9.513179 |
| 986 | |aLNH 61170 |